[Event "GER Cup Net V4 U1600"]
[Site "Playchess.com INT"]
[Date "2020.05.31"]
[Round "8"]
[White "Birk, Wilfried Christoph"]
[Black "Schmidt, Thurid"]
[Result "1-0"]
[WhiteElo "1401"]
[BlackElo "1138"]
[PlyCount "53"]
[EventDate "2020.05.31"]
[EventType "swiss (blitz)"]
[EventRounds "9"]
[EventCountry "GER"]
[SourceTitle "EXT 2021"]
[Source "ChessBase"]
[SourceDate "2020.10.23"]
[SourceVersion "1"]
[SourceVersionDate "2020.10.23"]
[SourceQuality "1"]

1. d4 d5 2. Nf3 Nc6 3. c3 Nf6 4. e3 e6 5. Bd3 Be7 6. Nbd2 0-0 7. 0-0 Bd6 8. Qe2 Ne7 9. e4 Ng4 10. e5 Ng6 11. exd6 Qxd6 12. Bxg6 fxg6 13. h3 Nf6 14. Re1 Nh5 15. Nf1 Nf4 16. Bxf4 Qxf4 17. Qe5 Qf7 18. Ng5 Qe7 19. Nxe6 Rf5 20. Qe3 Bd7 21. Nxc7 Qxe3 22. Rxe3 Raf8 23. Re2 Rg5 24. Ng3 h5 25. Rae1 Kh7 26. Kh1 h4 27. Nf1 1-0

[Event "GER Cup Net V4 U1600"]
[Site "Playchess.com INT"]
[Date "2020.05.31"]
[Round "9"]
[White "Schmidt, Thurid"]
[Black "Lang, Dirk"]
[Result "0-1"]
[WhiteElo "1132"]
[BlackElo "1238"]
[PlyCount "56"]
[EventDate "2020.05.31"]
[EventType "swiss (blitz)"]
[EventRounds "9"]
[EventCountry "GER"]
[SourceTitle "EXT 2021"]
[Source "ChessBase"]
[SourceDate "2020.10.23"]
[SourceVersion "1"]
[SourceVersionDate "2020.10.23"]
[SourceQuality "1"]

1. f4 d5 2. e3 c5 3. Nf3 Nc6 4. Bb5 Qb6 5. Bxc6+ Qxc6 6. 0-0 Bg4 7. b3 Nf6 8. Bb2 Rd8 9. Qe1 e6 10. Ne5 Qa6 11. Nxg4 Nxg4 12. Qg3 Nf6 13. d3 c4 14. dxc4 dxc4 15. Nd2 Rxd2 16. f5 Rxc2 17. Qb8+ Ke7 18. Rfd1 Nd5 19. Rab1 Qc6 20. Ba3+ Kf6 21. Bb2+ Kg5 22. Qg3+ Kxf5 23. Rf1+ Ke4 24. Qf3+ Kd3 25. Rbd1+ Rd2 26. e4+ Ne3 27. Rxd2+ Kxd2 28. Qe2+ Kxe2 0-1

[Event "GER Cup Net V3 U1600"]
[Site "Playchess.com INT"]
[Date "2020.05.27"]
[Round "5"]
[White "Pottgiesser, Ulrich"]
[Black "Schmidt, Thurid"]
[Result "1-0"]
[WhiteElo "1378"]
[BlackElo "1179"]
[PlyCount "41"]
[EventDate "2020.05.27"]
[EventType "swiss (blitz)"]
[EventRounds "9"]
[EventCountry "GER"]
[SourceTitle "EXT 2021"]
[Source "ChessBase"]
[SourceDate "2020.10.23"]
[SourceVersion "1"]
[SourceVersionDate "2020.10.23"]
[SourceQuality "1"]

1. e4 e5 2. Nf3 Nc6 3. d4 exd4 4. Nxd4 Qh4 5. Nc3 Bb4 6. Ndb5 Qxe4+ 7. Be2 Qxg2 8. Bf3 Qg6 9. Nxc7+ Kf8 10. Nxa8 Ne5 11. Be4 Qe6 12. Bd2 Bxc3 13. Bxc3 Nf6 14. Bxe5 Qxe5 15. f3 d5 16. 0-0 dxe4 17. Qd8+ Ne8 18. Qxc8 g6 19. Rae1 Kg7 20. Rxe4 Qc5+ 21. Qxc5 1-0

[Event "GER Cup Net V3 U1600"]
[Site "Playchess.com INT"]
[Date "2020.05.27"]
[Round "9"]
[White "Schmidt, Thurid"]
[Black "Dohm Acker, Erwin"]
[Result "0-1"]
[WhiteElo "1145"]
[BlackElo "1299"]
[PlyCount "70"]
[EventDate "2020.05.27"]
[EventType "swiss (blitz)"]
[EventRounds "9"]
[EventCountry "GER"]
[SourceTitle "EXT 2021"]
[Source "ChessBase"]
[SourceDate "2020.10.23"]
[SourceVersion "1"]
[SourceVersionDate "2020.10.23"]
[SourceQuality "1"]

1. f4 e5 2. fxe5 d6 3. Nf3 d5 4. d4 Bg4 5. Nc3 Bxf3 6. exf3 c6 7. Bf4 Be7 8. Be2 Nd7 9. 0-0 Bg5 10. Bd2 h6 11. f4 Be7 12. Bf3 Qb6 13. b3 Qxd4+ 14. Kh1 Qb6 15. Na4 Qc7 16. Nb2 0-0-0 17. c4 d4 18. a4 a5 19. Nd3 Bh4 20. b4 Ne7 21. bxa5 Nf5 22. a6 b6 23. Nb4 Ne3 24. Qb3 Nxf1 25. Nxc6 Nc5 26. Qb5 Nxd2 27. a7 Qb7 28. Bd5 Rxd5 29. a8Q+ Qxa8 30. Ne7+ Kd8 31. Qxb6+ Kxe7 32. Qc7+ Ke6 33. Qb6+ Kf5 34. cxd5 Qxd5 35. Qb1+ Qe4 0-1

[Event "GER Cup Net V3 U1600"]
[Site "Playchess.com INT"]
[Date "2020.05.27"]
[Round "4"]
[White "Schmidt, Thurid"]
[Black "Meier, Franz1"]
[Result "0-1"]
[WhiteElo "1186"]
[BlackElo "1427"]
[PlyCount "56"]
[EventDate "2020.05.27"]
[EventType "swiss (blitz)"]
[EventRounds "9"]
[EventCountry "GER"]
[SourceTitle "EXT 2021"]
[Source "ChessBase"]
[SourceDate "2020.10.23"]
[SourceVersion "1"]
[SourceVersionDate "2020.10.23"]
[SourceQuality "1"]

1. f4 e6 2. e3 d5 3. Nf3 Nf6 4. b3 c5 5. Bb2 Be7 6. Be2 0-0 7. 0-0 Nc6 8. Ne5 d4 9. Nxc6 bxc6 10. Bf3 Bb7 11. c4 dxe3 12. dxe3 Qc7 13. Nd2 Rfd8 14. e4 Qxf4 15. Be2 Qxd2 16. Qxd2 Rxd2 17. Rab1 Rxe2 18. Rf3 Nxe4 19. Rf4 f5 20. Rd1 Rxb2 21. Rd7 Bg5 22. Rf1 Be3+ 23. Kh1 Nf2+ 24. Kg1 Nh3+ 25. Kh1 Nf4 26. Rxb7 Rxa2 27. h3 Rd8 28. g3 Rdd2 0-1

[Event "GER-ch Net Amateur Gr-C Vor3"]
[Site "Playchess.com INT"]
[Date "2020.04.16"]
[Round "7"]
[White "Schmidt, Thurid"]
[Black "Brauckmann, Martin"]
[Result "1/2-1/2"]
[WhiteElo "1232"]
[BlackElo "1620"]
[PlyCount "123"]
[EventDate "2020.04.16"]
[EventType "swiss (blitz)"]
[EventRounds "9"]
[EventCountry "GER"]
[SourceTitle "CBM 195 Extra"]
[Source "ChessBase"]
[SourceDate "2020.05.31"]
[SourceVersion "1"]
[SourceVersionDate "2020.05.31"]
[SourceQuality "1"]

1. f4 d5 2. e3 Nc6 3. Nf3 Nf6 4. Bb5 a6 5. Bxc6+ bxc6 6. 0-0 e5 7. Nxe5 Ne4 8. b3 c5 9. Bb2 Bd6 10. Nxf7 Kxf7 11. Qh5+ g6 12. Qh4 Qxh4 13. Bxh8 Bf5 14. d3 Rxh8 15. dxe4 dxe4 16. Nd2 Rd8 17. Nc4 Be7 18. Ne5+ Kg7 19. g3 Qh3 20. Nc6 Rd2 21. Rf2 Rxf2 22. Kxf2 Qxh2+ 23. Ke1 Qh1+ 24. Kd2 Qxa1 25. Nxe7 Qxa2 26. Nd5 Be6 27. Nxc7 Bxb3 28. Ne6+ Kf6 29. Nxc5 Qxc2+ 30. Ke1 Qxc5 31. Kf2 Qc2+ 32. Kg1 Bc4 33. g4 Be2 34. g5+ Kf5 35. Kh1 Bf3+ 36. Kg1 Qf2+ 37. Kxf2 a5 38. Ke1 a4 39. Kd2 a3 40. Kc1 Be2 41. Kb1 Bc4 42. Ka1 a2 43. Kb2 Bb3 44. Ka1 Kg4 45. Kb2 Kf3 46. Ka1 Kxe3 47. Kb2 Kf3 48. Ka1 e3 49. Kb2 e2 50. Ka1 e1Q+ 51. Kb2 Qd2+ 52. Kxb3 Qd3+ 53. Kb2 Qd2+ 54. Ka1 Qc1+ 55. Kxa2 Qc3 56. Kb1 Ke2 57. Ka2 Kd1 58. Kb1 Qc2+ 59. Ka1 Qc3+ 60. Kb1 Qb3+ 61. Ka1 Qc3+ 62. Kb1 1/2-1/2

[Event "GER-ch Net Amateur Gr-C Vor3"]
[Site "Playchess.com INT"]
[Date "2020.04.16"]
[Round "5"]
[White "Schmidt, Thurid"]
[Black "Wagner, Andreas"]
[Result "0-1"]
[WhiteElo "1235"]
[BlackElo "1620"]
[PlyCount "48"]
[EventDate "2020.04.16"]
[EventType "swiss (blitz)"]
[EventRounds "9"]
[EventCountry "GER"]
[SourceTitle "CBM 195 Extra"]
[Source "ChessBase"]
[SourceDate "2020.05.31"]
[SourceVersion "1"]
[SourceVersionDate "2020.05.31"]
[SourceQuality "1"]

1. f4 b6 2. e3 Bb7 3. Nf3 e6 4. Be2 d6 5. 0-0 Be7 6. b3 Nf6 7. Bb2 0-0 8. Qe1 Nbd7 9. d3 e5 10. Nbd2 Nd5 11. e4 Ne3 12. Qd1 Nxf1 13. Nxf1 exf4 14. Qd2 Bg5 15. Nd4 f3 16. Qe1 fxe2 17. Qxe2 Bf6 18. c3 Ne5 19. Nf5 Ba6 20. c4 Nc6 21. N1g3 g6 22. Qg4 Ne5 23. Nh5 Nxg4 24. Nh6+ Nxh6 0-1

[Event "GER-ch Net Amateur Gr-C Vor3"]
[Site "Playchess.com INT"]
[Date "2020.04.16"]
[Round "3"]
[White "Wartenberg, Alexander"]
[Black "Schmidt, Thurid"]
[Result "1-0"]
[WhiteElo "1470"]
[BlackElo "1252"]
[PlyCount "53"]
[EventDate "2020.04.16"]
[EventType "swiss (blitz)"]
[EventRounds "9"]
[EventCountry "GER"]
[SourceTitle "CBM 195 Extra"]
[Source "ChessBase"]
[SourceDate "2020.05.31"]
[SourceVersion "1"]
[SourceVersionDate "2020.05.31"]
[SourceQuality "1"]

1. e4 e5 2. Nf3 Nc6 3. d4 exd4 4. Nxd4 Qh4 5. Nc3 Bb4 6. Nxc6 Qxe4+ 7. Qe2 Qxe2+ 8. Bxe2 dxc6 9. 0-0 Nf6 10. Bg5 Be7 11. Rfe1 0-0 12. Bd3 Re8 13. Bxf6 gxf6 14. Ne4 Be6 15. Re3 Bd5 16. Rae1 Bxa2 17. b3 f5 18. Nf6+ Bxf6 19. Rxe8+ Rxe8 20. Rxe8+ Kg7 21. Ra8 a6 22. Ra7 b5 23. Rxc7 h5 24. Ra7 Kg6 25. Rxa6 h4 26. Rxa2 Kg5 27. Ra6 1-0

[Event "GER-ch Net Amateur Gr-C Vor2"]
[Site "Playchess.com INT"]
[Date "2020.04.15"]
[Round "8"]
[White "Masa, Cagan"]
[Black "Schmidt, Thurid"]
[Result "0-1"]
[WhiteElo "1404"]
[BlackElo "1210"]
[PlyCount "50"]
[EventDate "2020.04.15"]
[EventType "swiss (blitz)"]
[EventRounds "9"]
[EventCountry "GER"]
[SourceTitle "CBM 196 Extra"]
[Source "ChessBase"]
[SourceDate "2020.07.31"]
[SourceVersion "1"]
[SourceVersionDate "2020.07.31"]
[SourceQuality "1"]

1. e4 e5 2. Nf3 Nc6 3. Bb5 f5 4. d3 Nf6 5. exf5 d5 6. Bxc6+ bxc6 7. Nxe5 Qd6 8. Nf3 Bxf5 9. Qe2+ Be7 10. Be3 Qb4+ 11. Nbd2 Qxb2 12. 0-0 Qxc2 13. Rfd1 Bxd3 14. Qe1 Ne4 15. Nxe4 Bxe4 16. Rdc1 Qa4 17. Bg5 Bxg5 18. Nxg5 0-0 19. Ne6 Rf6 20. Nc5 Qd4 21. Nxe4 dxe4 22. Rd1 Qe5 23. Rac1 Raf8 24. Rc4 Qg5 25. Rxe4 Rxf2 0-1

[Event "GER-ch Net Amateur Gr-C Vor2"]
[Site "Playchess.com INT"]
[Date "2020.04.15"]
[Round "6"]
[White "Schmidt, Thurid"]
[Black "Bone, Karin"]
[Result "1-0"]
[WhiteElo "1164"]
[BlackElo "1260"]
[PlyCount "61"]
[EventDate "2020.04.15"]
[EventType "swiss (blitz)"]
[EventRounds "9"]
[EventCountry "GER"]
[SourceTitle "CBM 196 Extra"]
[Source "ChessBase"]
[SourceDate "2020.07.31"]
[SourceVersion "1"]
[SourceVersionDate "2020.07.31"]
[SourceQuality "1"]

1. f4 d5 2. e3 e6 3. Nf3 Bc5 4. b3 Nf6 5. Bb2 Nc6 6. Bb5 Bd7 7. Bxc6 Bxc6 8. 0-0 Qd6 9. Qe1 0-0-0 10. Ne5 Ne4 11. Nxf7 Qe7 12. Nxh8 Rxh8 13. Nc3 d4 14. Nxe4 Bxe4 15. Bxd4 Bxd4 16. exd4 Bxc2 17. Qc1 Bd3 18. a3 Rd8 19. Re1 Rxd4 20. g3 b6 21. Qc3 Rd6 22. a4 a5 23. Re3 Bf5 24. Qc4 g6 25. Qa6+ Kd8 26. Qa8+ Kd7 27. Rc3 Rxd2 28. Qa7 Qd6 29. Rac1 Ke7 30. Rxc7+ Kf6 31. Rf7# 1-0

[Event "GER-ch Net Amateur Gr-C Vor2"]
[Site "Playchess.com INT"]
[Date "2020.04.15"]
[Round "1"]
[White "Schmidt, Thurid"]
[Black "Vaghef, Mohammad Reza"]
[Result "0-1"]
[WhiteElo "1167"]
[BlackElo "1493"]
[PlyCount "48"]
[EventDate "2020.04.15"]
[EventType "swiss (blitz)"]
[EventRounds "9"]
[EventCountry "GER"]
[SourceTitle "CBM 196 Extra"]
[Source "ChessBase"]
[SourceDate "2020.07.31"]
[SourceVersion "1"]
[SourceVersionDate "2020.07.31"]
[SourceQuality "1"]

1. f4 d5 2. e3 Nf6 3. Nf3 Nc6 4. Bb5 Bd7 5. Bxc6 Bxc6 6. 0-0 e6 7. Ne5 Bb5 8. d3 Nd7 9. Nxd7 Qxd7 10. b3 0-0-0 11. Nc3 Bc6 12. Qe1 d4 13. exd4 Qxd4+ 14. Be3 Qd7 15. a4 Bb4 16. a5 Bxc3 17. Qxc3 Qd5 18. Rf2 a6 19. b4 h5 20. Qa3 h4 21. c4 Qxd3 22. Qc1 h3 23. g3 Qe4 24. Raa2 Qh1# 0-1

[Event "GER-ch Net Amateur Gr-C Vor1"]
[Site "Playchess.com INT"]
[Date "2020.04.14"]
[Round "5"]
[White "Schmidt, Thurid"]
[Black "Fuhrmann, Berndt"]
[Result "1-0"]
[WhiteElo "1108"]
[BlackElo "1620"]
[PlyCount "43"]
[EventDate "2020.04.14"]
[EventType "swiss (blitz)"]
[EventRounds "9"]
[EventCountry "GER"]
[SourceTitle "CBM 196 Extra"]
[Source "ChessBase"]
[SourceDate "2020.07.31"]
[SourceVersion "1"]
[SourceVersionDate "2020.07.31"]
[SourceQuality "1"]

1. f4 d5 2. e3 e6 3. Nf3 Bd6 4. b3 Nf6 5. Bb2 Nc6 6. Bb5 Bd7 7. Bxc6 Bxc6 8. 0-0 Bb5 9. d3 c5 10. Ne5 Bxe5 11. Bxe5 d4 12. exd4 cxd4 13. c3 dxc3 14. Nxc3 Qb6+ 15. Kh1 Rd8 16. Nxb5 Rxd3 17. Qxd3 a6 18. Nd6+ Kf8 19. Nc8 Qb4 20. Qd8+ Ne8 21. Nd6 f6 22. Qxe8# 1-0

[Event "GER-ch Net Amateur Gr-C Vor1"]
[Site "Playchess.com INT"]
[Date "2020.04.14"]
[Round "1"]
[White "Schmidt, Thurid"]
[Black "Krishnachandran, Srihari"]
[Result "0-1"]
[WhiteElo "1124"]
[BlackElo "1620"]
[PlyCount "108"]
[EventDate "2020.04.14"]
[EventType "swiss (blitz)"]
[EventRounds "9"]
[EventCountry "GER"]
[SourceTitle "CBM 196 Extra"]
[Source "ChessBase"]
[SourceDate "2020.07.31"]
[SourceVersion "1"]
[SourceVersionDate "2020.07.31"]
[SourceQuality "1"]

1. f4 d5 2. e3 c5 3. Nf3 Nc6 4. Bb5 g6 5. Bxc6+ bxc6 6. Ne5 Bd7 7. 0-0 Bg7 8. d4 cxd4 9. exd4 e6 10. Nc3 Nf6 11. a3 0-0 12. h3 Rb8 13. b4 Qc7 14. Na4 a5 15. Nc5 axb4 16. Na6 Qa7 17. Nxb8 Rxb8 18. Be3 bxa3 19. Ra2 Rb7 20. Bc1 Rb1 21. Rxa3 Qxa3 22. Bxa3 Rxd1 23. Rxd1 h5 24. Rb1 Kh7 25. Rb7 Bc8 26. Rxf7 Kg8 27. Rc7 Ba6 28. Nxg6 Kh7 29. Ne7 Ne4 30. Rxc6 Bxd4+ 31. Kh2 Nc5 32. Bxc5 Bxc5 33. Rxc5 Bc4 34. Rc7 Kh6 35. Nf5+ exf5 36. Rc6+ Kg7 37. Rc7+ Kf6 38. Ra7 Kg6 39. Ra6+ Bxa6 40. Kg1 Kf6 41. Kf2 Ke6 42. Ke3 Kd6 43. Kd4 Bf1 44. g3 Bxh3 45. c3 Bg4 46. c4 dxc4 47. Kxc4 Ke6 48. Kd4 Kf6 49. Ke3 Kg6 50. Kd4 h4 51. gxh4 Kh5 52. Ke5 Kxh4 53. Kd4 Kg3 54. Ke3 Bh3 0-1